| 000 | 00684nam a2200217 u 4500 | ||
|---|---|---|---|
| 005 | 20220528063519.0 | ||
| 008 | 100924s2006 es r 000 0 spa d | ||
| 020 | _a8423678628 | ||
| 035 | _aUPN01000177907 | ||
| 049 | _aI | ||
| 050 | 4 |
_aPZ78 _bC3.47 |
|
| 100 | 1 |
_aCasalderrey Fraga, Fina, _d1951- _931026 |
|
| 245 | 1 | 0 |
_aIsha : _bnacida del corazón / _cFina Casalderrey ; tr. Ma. Xesús Fernández Fernández. |
| 260 |
_aBarcelona, Esp. : _bEdebé, _c2006. |
||
| 300 |
_a147 p. : _bil. |
||
| 440 | 0 |
_aTucan. _p12+ |
|
| 534 |
_pTitulo original: _tIsha, nacida do corazón |
||
| 650 | 0 |
_aLiteratura juvenil española _912359 |
|
| 650 | 4 |
_aHIJOS ADOPTIVOS _98173 |
|
| 905 | _aInfantil | ||
| 999 |
_c150010 _d150010 |
||